| 000 | 00000nam##2200000za#4500 |
| 001 | 9.625248 |
| 003 | CaOODSP |
| 005 | 20241210082331 |
| 007 | ta |
| 008 | 150406|2000||||xxc||||| f|0| 0 fre|d |
| 020 | |a0-662-84387-8 |
| 022 | |a1192-5434 |
| 040 | |aCaOODSP|bfre |
| 043 | |an-cn--- |
| 086 | 1 |aFB3-2/100-4F |
| 110 | 2 |aBanque du Canada. |
| 245 | 10|aQuelques résultats empiriques relatifs à l'évolution de taux et de change Canada/États-Unis / |cpar Ramdane Djoudad et David Tessier. |
| 260 | |aOttawa - Ontario : |bBanque du Canada |c2000. |
| 300 | |avii, 26p. : |bgraphiques, tableaux ; |c28 cm. |
| 490 | 1 |aDocument de travail|x1192-5434|v2000-4 |
| 500 | |a«L'objectif des auteurs est ici de voir dans quelle mesure des facteurs autres que les prix des produits de base de l'énergie ont contribué à la dépréciation du dollar canadien depuis le début des années 1970. Les variables prises en compte à cette fin incluent entre autres les conditions budgétaires et la productivité. La méthode utilisée consiste à déterminer les variables susceptibles de jouer un rôle important, à long terme, dans l'évolution du taux de change réel.»--Résumé. |
| 504 | |aBibliographie. |
| 520 | 3 |aL'objectif des auteurs est ici de voir dans quelle mesure des facteurs autres que les prix des produits de base de l'énergie ont contribué à la dépréciation du dollar canadien depuis le début des années 1970. Les variables prises en compte à cette fin incluent entre autres les conditions budgétaires et la productivité. La méthode utilisée consiste à déterminer les variables susceptibles de jouer un rôle important, à long terme, dans l'évolution du taux de change réel.--Résumé |
| 546 | |aAbstracts in English |
| 563 | |aCouverture souple |
| 590 | |a00-08|b2000-02-25 |
| 720 | 1 |aTessier, David |
| 720 | 1 |aDjoudad, Ramdane |
| 776 | 0#|tQuelques résultats empiriques relatifs à l'évolution du taux de change Canada/États-Unis / |w(CaOODSP)9.602117 |
| 830 | #0|aDocument de travail,|x1192-5434|v2000-4|w(CaOODSP)9.513013 |